[Event "Ruhrgebiet Bezirksliga 17/18"]
[Site "Ruhrgebiet"]
[Date "2018.02.18"]
[Round "7.8"]
[White "Elberg, Ralf"]
[Black "Huerter, Wilhelm"]
[Result "0-1"]
[WhiteElo "1568"]
[BlackElo "1673"]
[PlyCount "52"]
[EventDate "2017.09.03"]
[EventType "team-tourn"]
[EventRounds "9"]
[EventCountry "GER"]
[SourceTitle "EXT 2022"]
[Source "ChessBase"]
[SourceDate "2021.10.06"]
[SourceVersion "1"]
[SourceVersionDate "2021.10.06"]
[SourceQuality "1"]
[WhiteTeam "Hamm SG Caissa"]
[BlackTeam "Ahlen SV II"]
[WhiteTeamCountry "GER"]
[BlackTeamCountry "GER"]

1. e4 d6 2. d4 h5 3. Nc3 g6 4. Bc4 e6 5. Nf3 Bh6 6. Bxh6 Nxh6 7. h3 a6 8. Qd2 Bd7 9. 0-0-0 b5 10. Bd3 Nc6 11. d5 Nb4 12. dxe6 Nxd3+ 13. Qxd3 Bxe6 14. Qd4 0-0 15. Qe3 Kg7 16. Nh2 c6 17. g4 b4 18. Ne2 Qa5 19. Qd4+ Kh7 20. gxh5 Qxa2 21. hxg6+ fxg6 22. Ng4 Nf7 23. Nf6+ Kh6 24. h4 Ne5 25. f4 Qa1+ 26. Kd2 Nf3+ 0-1